| 000 | 01209cam a22003014a 4500 | ||
|---|---|---|---|
| 001 | 16593881 | ||
| 005 | 20221230130719.0 | ||
| 008 | 101229s2011 dcua b 001 0 eng | ||
| 906 |
_a7 _bcbc _corignew _d1 _eecip _f20 _gy-gencatlg |
||
| 925 | 0 |
_aacquire _b2 shelf copies _xpolicy default |
|
| 955 |
_wrd11 2010-12-30 _fCIP ver. re03 2011-05-20 _gre03 2011-05-20 To BCCD _trc11 2011-06-10 copy 2 added |
||
| 010 | _a 2010050454 | ||
| 020 | _a9781849713702 (hardback) | ||
| 020 | _a9781849713719 (pbk.) | ||
| 040 |
_aDLC _cDLC _dDLC |
||
| 050 | 0 | 0 |
_aGF71 _b.C45 2011 |
| 082 | 0 | 0 |
_a304.2/5 _222 |
| 245 | 0 | 0 |
_aCities and climate change : _bglobal report on human settlements, 2011 / _cUnited Nations Human Settlements Programme. |
| 260 |
_aWashington, DC : _bEarthscan, _c2011. |
||
| 300 |
_axvii, 279 p. : _bill. ; _c31 cm. |
||
| 504 | _aIncludes bibliographical references (p. ([249]-270) and index. | ||
| 650 | 0 |
_aHuman beings _xEffect of climate on. |
|
| 650 | 0 | _aHuman settlements. | |
| 650 | 0 | _aUrban climatology. | |
| 650 | 0 | _aClimatic changes. | |
| 710 | 2 | _aUnited Nations Human Settlements Programme. | |
| 991 |
_br-SciRR _hGF71 _i.C45 2011 _tCopy 1 _wGenBib |
||
| 999 |
_c11077 _d11077 |
||